|
|
|
|
| LEADER |
00000cam a22000004a 4500 |
| 001 |
musev2_97692 |
| 003 |
MdBmJHUP |
| 005 |
20230905053248.0 |
| 006 |
m o d |
| 007 |
cr||||||||nn|n |
| 008 |
211106s2022 nbu o 00 0 eng d |
| 010 |
|
|
|z 2021047032
|
| 020 |
|
|
|a 9781640125339
|
| 020 |
|
|
|z 9781640124035
|
| 035 |
|
|
|a (OCoLC)1315537899
|
| 040 |
|
|
|a MdBmJHUP
|c MdBmJHUP
|
| 100 |
1 |
|
|a Quainton, Anthony C. E.,
|e author.
|
| 245 |
1 |
0 |
|a Eye on the World :
|b A Life in International Service /
|c Anthony C.E. Quainton.
|
| 264 |
|
1 |
|a [Lincoln, Nebraska] :
|b Potomac Books, an imprint of the University of Nebraska Press,
|c [2022]
|
| 264 |
|
3 |
|a Baltimore, Md. :
|b Project MUSE,
|c 2022
|
| 264 |
|
4 |
|c ©[2022]
|
| 300 |
|
|
|a 1 online resource (328 pages).
|
| 336 |
|
|
|a text
|b txt
|2 rdacontent
|
| 337 |
|
|
|a computer
|b c
|2 rdamedia
|
| 338 |
|
|
|a online resource
|b cr
|2 rdacarrier
|
| 490 |
0 |
|
|a ADST-DACOR Diplomats and diplomacy series
|
| 500 |
|
|
|a Includes index.
|
| 500 |
|
|
|a "An ADST-DACOR diplomats and diplomacy book."
|
| 505 |
0 |
|
|a Seattle beginnings -- The Victoria connection -- Go East, young man -- English interlude -- A tiger in my tank -- Oxford days -- Meeting the Soviet bear -- Foreign service beginnings -- The Raj and beyond -- Paris interlude -- Nepal : land of the yeti -- The heart of darkness -- Counterterrorism -- Life in revolutionary Nicaragua -- Diplomacy and regime change -- Desert sands -- Rooting out corruption and incompetence -- Democracy, drugs, and development : Andean adventure -- Final Washington years -- Challenges in the nonprofit world -- The classroom and beyond -- Epilogue: Christian, gentleman, cricketer.
|
| 520 |
|
|
|a "The autobiography of one of America's highly esteemed diplomats, Ambassador Anthony "Tony" C. E. Quainton, and his long and storied career in eleven countries on six continents in a unique diversity of top posts"--
|c Provided by publisher.
|
| 588 |
|
|
|a Description based on print version record.
|
| 600 |
1 |
0 |
|a Quainton, Anthony C. E.
|
| 610 |
1 |
7 |
|a United States.
|b Foreign Service.
|2 fast
|0 (OCoLC)fst00515978
|
| 610 |
1 |
7 |
|a United States.
|b Department of State.
|2 fast
|0 (OCoLC)fst01802976
|
| 610 |
1 |
0 |
|a United States.
|b Department of State
|v Biography.
|
| 610 |
1 |
0 |
|a United States.
|b Foreign Service
|v Biography.
|
| 650 |
|
7 |
|a Diplomats.
|2 fast
|0 (OCoLC)fst00894415
|
| 650 |
|
7 |
|a Diplomatic relations.
|2 fast
|0 (OCoLC)fst01907412
|
| 650 |
|
7 |
|a Diplomatic and consular service.
|2 fast
|0 (OCoLC)fst00894202
|
| 650 |
|
7 |
|a Ambassadors.
|2 fast
|0 (OCoLC)fst00806713
|
| 650 |
|
7 |
|a HISTORY / World.
|2 bisacsh
|
| 650 |
|
7 |
|a BIOGRAPHY & AUTOBIOGRAPHY / Historical.
|2 bisacsh
|
| 650 |
|
0 |
|a Diplomatic and consular service
|z United States.
|
| 650 |
|
0 |
|a Ambassadors
|z United States
|v Biography.
|
| 650 |
|
0 |
|a Diplomats
|z United States
|v Biography.
|
| 651 |
|
7 |
|a United States.
|2 fast
|0 (OCoLC)fst01204155
|
| 651 |
|
0 |
|a United States
|x Foreign relations
|y 1989-
|
| 651 |
|
0 |
|a United States
|x Foreign relations
|y 1945-1989.
|
| 655 |
|
7 |
|a Biographies.
|2 fast
|0 (OCoLC)fst01919896
|
| 655 |
|
7 |
|a Electronic books.
|2 local
|
| 710 |
2 |
|
|a Project Muse.
|e distributor
|
| 830 |
|
0 |
|a Book collections on Project MUSE.
|
| 856 |
4 |
0 |
|z Texto completo
|u https://projectmuse.uam.elogim.com/book/97692/
|
| 945 |
|
|
|a Project MUSE - Custom Collection
|
| 945 |
|
|
|a Project MUSE - 2022 History
|
| 945 |
|
|
|a Project MUSE - 2022 Complete
|